000 00683nam a2200205 a 4500
001 000021050
005 20200930011222.0
008 100830s1997 dr 000 0 spa d
020 _a1881715205
040 _aDO-SdBNP
_bspa
_cBNPHU
082 _axxx
_bS227i
100 1 _aSan Miguel, Pedro L.
_920508
245 1 3 _aLa isla imaginada :
_bhistoria, identidad y utopía en La Española /
_cPedro L. San Miguel.
260 _aSanto Domingo :
_bIsla Negra ;
_bLa trinitaria,
_c1997.
300 _a183 p. ;
_c25 cm.
490 1 _aVisiones y Cegueras
500 _aIncluye datos biográficos del autor en la solapa de la cubierta
830 0 _aVisiones y Cegueras
_91120
049 _aBNPD
999 _c20553
_d20553